| Tag |
First Indicator |
Second Indicator |
Subfields |
| LEADER |
00000cam a2200000Ii 4500 |
| 001 |
in00004169708 |
| 005 |
20201020070354.0 |
| 006 |
m o d |
| 007 |
cr |n||||||||| |
| 008 |
200402s2020 enk ob 001 0 eng d |
| 020 |
|
|
|a 9781000047967
|q electronic book
|
| 020 |
|
|
|a 1000047962
|q electronic book
|
| 020 |
|
|
|a 9780367816063
|q electronic book
|
| 020 |
|
|
|a 0367816067
|q electronic book
|
| 020 |
|
|
|z 9781000047974
|q electronic book
|q Mobipocket
|
| 020 |
|
|
|z 1000047970
|q electronic book
|q Mobipocket
|
| 020 |
|
|
|z 9781000047981
|q electronic book
|q EPUB
|
| 020 |
|
|
|z 1000047989
|q electronic book
|q EPUB
|
| 020 |
|
|
|z 0367365359
|
| 020 |
|
|
|z 9780367365356
|
| 024 |
8 |
|
|a 40029951392
|
| 035 |
|
|
|a (NhCcYBP)ybp16549439
|
| 037 |
|
|
|a 9780367816063
|b Taylor & Francis
|
| 040 |
|
|
|a NhCcYBP
|c NhCcYBP
|d UtOrBLW
|
| 043 |
|
|
|a n-us---
|
| 050 |
|
4 |
|a LB2825
|b .M86 2020
|
| 082 |
0 |
4 |
|a 379.1/10973
|2 23
|
| 082 |
0 |
4 |
|a 370.973
|2 23
|
| 100 |
1 |
|
|a Münch, Richard,
|d 1945-
|e author.
|0 http://id.loc.gov/authorities/names/n83140212
|
| 245 |
1 |
0 |
|a Governing the school under three decades of neoliberal reform :
|b from educracy to the education-industrial complex /
|c Richard Münch.
|
| 264 |
|
1 |
|a London :
|b Routledge,
|c [2020]
|
| 300 |
|
|
|a 1 online resource.
|
| 336 |
|
|
|a text
|b txt
|2 rdacontent
|
| 337 |
|
|
|a computer
|b c
|2 rdamedia
|
| 338 |
|
|
|a online resource
|b cr
|2 rdacarrier
|
| 490 |
1 |
|
|a Routledge research in education policy and politics
|
| 504 |
|
|
|a Includes bibliographical references and index.
|
| 545 |
0 |
|
|a Richard Münch is Senior Professor of Social Theory and Comparative Macrosociology at Zeppelin University Friedrichshafen, Germany.
|
| 588 |
|
|
|a Description based on online resource; title from digital title page (viewed on May 20, 2020).
|
| 500 |
|
|
|a Electronic resource.
|
| 650 |
|
0 |
|a Educational change
|x Economic aspects
|z United States.
|
| 650 |
|
0 |
|a Education and state
|z United States.
|0 http://id.loc.gov/authorities/subjects/sh2008102666
|
| 650 |
|
0 |
|a Neoliberalism
|z United States.
|
| 650 |
|
0 |
|a Education and globalization.
|0 http://id.loc.gov/authorities/subjects/sh2004002777
|
| 650 |
|
0 |
|a Neoliberalism.
|0 http://id.loc.gov/authorities/subjects/sh2005001629
|
| 655 |
|
7 |
|a Electronic books.
|2 local
|
| 710 |
2 |
|
|a Taylor & Francis.
|0 http://id.loc.gov/authorities/names/n84073022
|
| 776 |
1 |
8 |
|i Print version:
|z 0367365359
|z 9780367365356
|
| 830 |
|
0 |
|a Routledge research in education policy and politics.
|0 http://id.loc.gov/authorities/names/n2014184255
|
| 856 |
4 |
0 |
|u http://proxy.library.tamu.edu/login?url=https://www.taylorfrancis.com/books/9780367816063
|z Connect to the full text of this electronic book
|t 0
|
| 955 |
|
|
|a YBP purchased approval e-records
|
| 980 |
|
|
|b 175.00
|g 1
|
| 999 |
f |
f |
|s 8fbe6a76-1b8a-3926-9ac4-8dddc2b2d6cb
|i 0ee733fd-00b3-3c0b-8a5c-11a316c254fd
|t 0
|
| 952 |
f |
f |
|a Texas A&M University
|b College Station
|c Electronic Resources
|d Available Online
|t 0
|e LB2825 .M86 2020
|h Library of Congress classification
|
| 998 |
f |
f |
|a LB2825 .M86 2020
|t 0
|l Available Online
|